Najpopularniejsze japonskie marki aut - Statystyki

Ogólne statystyki
  • Ten quiz został rozwiązany 51 razy
  • Średni wynik to 5 z 7
Statystyki odpowiedzi
Wskazówka Odpowiedź % Poprawnych
1 Toyota
96%
4 Nissan
83%
3 Honda
81%
2 Suzuki
66%
5 Mazda
62%
7 Subaru
62%
6 Mitsubishi
57%
Nie znaleziono quizów pasujących do podanych kryteriów
Rozkład punktacji
Procent ludzi z każdym wynikiem
Percentyl według liczby udzielonych odpowiedzi
Twoja historia wyników
Nie rozwiązałeś tego quizu